MARC details
| 000 -CABECERA |
| campo de control de longitud fija |
01017cam a2200277 a 4500 |
| 001 - NÚMERO DE CONTROL |
| campo de control |
000019635 |
| 005 - FECHA Y HORA DE LA ÚLTIMA TRANSACCIÓN |
| campo de control |
20200929170102.0 |
| 008 - DATOS DE LONGITUD FIJA--INFORMACIÓN GENERAL |
| campo de control de longitud fija |
800618s1969 sp 001 e spa d |
| 040 ## - FUENTE DE LA CATALOGACIÓN |
| Centro catalogador/agencia de origen |
DO-SdBNP |
| Centro/agencia transcriptor |
TxSaU |
| Centro/agencia modificador |
DLC |
| -- |
BNPHU |
| 082 ## - NÚMERO DE LA CLASIFICACIÓN DECIMAL DEWEY |
| Número de clasificación |
864.6 |
| Número de documento/Ítem |
M542poe, 1969 |
| 049 ## - FONDOS LOCALES (OCLC) |
| Fondos de biblioteca |
BNGR |
| 100 1# - ENTRADA PRINCIPAL--NOMBRE DE PERSONA |
| Nombre de persona |
Menéndez Pidal, Ramón, |
| Fechas asociadas al nombre |
1869-1968 |
| 9 (RLIN) |
3902 |
| 245 10 - MENCIÓN DE TÍTULO |
| Título |
Poesía juglaresca y juglares : |
| Resto del título |
aspectos de la historia literaria y cultural de España / |
| Mención de responsabilidad, etc. |
Ramón Menéndez Pidal. |
| 250 ## - MENCIÓN DE EDICIÓN |
| Mención de edición |
6a ed. |
| 260 ## - PUBLICACIÓN, DISTRIBUCIÓN, ETC. |
| Lugar de publicación, distribución, etc. |
Madrid : |
| Nombre del editor, distribuidor, etc. |
Espasa-Calpe, |
| Fecha de publicación, distribución, etc. |
1969. |
| 300 ## - DESCRIPCIÓN FÍSICA |
| Extensión |
256 p. ; |
| Dimensiones |
18 cm. |
| 490 0# - MENCIÓN DE SERIE |
| Mención de serie |
Austral. Verde: ensayos y filosofía |
| Designación de volumen o secuencia |
300 |
| 500 ## - NOTA GENERAL |
| Nota general |
Incluye índice de autores. |
| 650 #4 - PUNTO DE ACCESO ADICIONAL DE MATERIA--TÉRMINO DE MATERIA |
| Término de materia o nombre geográfico como elemento de entrada |
Ensayos españoles |
| 9 (RLIN) |
3095 |
| 650 #4 - PUNTO DE ACCESO ADICIONAL DE MATERIA--TÉRMINO DE MATERIA |
| Término de materia o nombre geográfico como elemento de entrada |
Literatura española |
| 9 (RLIN) |
632 |
| 650 #0 - PUNTO DE ACCESO ADICIONAL DE MATERIA--TÉRMINO DE MATERIA |
| Término de materia o nombre geográfico como elemento de entrada |
Poesía española |
| Subdivisión cronológica |
1500-1700 |
| Subdivisión general |
Crítica e interpretación |
| 9 (RLIN) |
42084 |
| 650 #4 - PUNTO DE ACCESO ADICIONAL DE MATERIA--TÉRMINO DE MATERIA |
| Término de materia o nombre geográfico como elemento de entrada |
Poetas españoles |
| Subdivisión general |
Crítica e interpretación |
| 9 (RLIN) |
14275 |
| 830 #0 - PUNTO DE ACCESO ADICIONAL DE SERIE-TÍTULO UNIFORME |
| Título uniforme |
Austral. |
| Nombre de parte o sección de la obra |
Verde: ensayos y filosofía; |
| Designación de volumen o secuencia |
300 |
| 9 (RLIN) |
8733 |
| 910 ## - DATOS DE OPCIÓN DEL USUARIO (OCLC) |
| Datos de opción del usuario |
Catalogación derivada / LC |
| 910 ## - DATOS DE OPCIÓN DEL USUARIO (OCLC) |
| Datos de opción del usuario |
WM |